Applied statistics for engineers and scientists (Record no. 7742)

000 -LEADER
fixed length control field 00537 a2200157 4500
020 ## - INTERNATIONAL STANDARD BOOK NUMBER
International Standard Book Number 053435601X
040 ## - CATALOGING SOURCE
Original cataloging agency DLC
Language of cataloging DLC
082 00 - DEWEY DECIMAL CLASSIFICATION NUMBER
Classification number 519.5
100 1# - MAIN ENTRY--PERSONAL NAME
Personal name Devore, Jay L.
245 10 - TITLE STATEMENT
Title Applied statistics for engineers and scientists
Statement of responsibility, etc. Jay L. Devore, Nicholas R. Farnum.
260 ## - PUBLICATION, DISTRIBUTION, ETC.
Place of publication, distribution, etc. Pacific Grove, Calif. :
Name of publisher, distributor, etc. Duxbury Press,
Date of publication, distribution, etc. c1999.
300 ## - PHYSICAL DESCRIPTION
Extent xiv, 577 p. :
Other physical details ill. (some col.) ;
Dimensions 24 cm. +
Accompanying material 1 computer laser optical disc (4 3/4 in.)
650 #0 - SUBJECT ADDED ENTRY--TOPICAL TERM
Topical term or geographic name entry element Mathematical statistics.
700 1# - ADDED ENTRY--PERSONAL NAME
Personal name Farnum, Nicholas R.
942 ## - ADDED ENTRY ELEMENTS (KOHA)
Koha item type Book
Call number prefix 519.5 DEV
Source of classification or shelving scheme
Holdings
Withdrawn status Lost status Damaged status Not for loan Collection code Permanent Location Current Location Shelving location Date acquired Source of acquisition Cost, normal purchase price Total Checkouts Full call number Barcode Date last seen Price effective from Koha item type
          Central Library (CL) Central Library (CL) General Stacks 06/07/2005 New Public Book 3534.47   519.5 DEV SEECS005882 10/29/2025 01/05/2017 Book
© 2023 Central Library, National University of Sciences and Technology. All Rights Reserved.